Manchester United - The Ultimate Quiz - Statistics

General Stats
  • This quiz has been taken 2,502 times
    1,886 since last reset
  • The average score is 8 of 14
Answer Stats
Question Answer % Correct
True or false - United are the only English team ever to be crowned FIFA Club World Champions? True
91%
Which striker was nicknamed 'Chicharito'? Javier Hernández
85%
How many times have United won the League Cup? 4
84%
Which club did David Moyes arrive from in summer 2013? Everton
78%
In which year did United last beat Barcelona in a competitive match? 2008
77%
Who did United appoint as manager in May 2014? Louis van Gaal
74%
Who was United's manager when they first won the Champion's League in 1968? Sir Matt Busby
72%
How much (£ or €) did Real Madrid buy Cristiano Ronaldo for in 2009? £80 /€93.9 million
61%
What was United's name when they were founded? Newton Heath LYR
53%
When were United founded? 1878
48%
Who did United beat in the 2004 FA Cup final? Millwall
29%
Who scored United's goal at the Bernabau in the 1-1 Champion's League draw in 2013? Danny Welbeck
24%
The statue of a famous manager (answer to question 5) is situated outside which Old Trafford stand? East Stand
24%
Which club did midfielder Morgan Schneiderlin start out with? RC Strasbourg
8%
No matching quizzes found
Score Distribution
Percent of People with Each Score
Percentile by Number Answered
Your Score History
You have not taken this quiz since the last reset